Państwa na 45 °N szerokości geograficznej - Statystyki

Ogólne statystyki
  • Ten quiz został rozwiązany 1 748 razy
  • Średni wynik to 12 z 14
Statystyki odpowiedzi
Państwo % Poprawnych
Rosja
96%
Stany Zjednoczone
94%
Chiny
92%
Japonia
87%
Kazachstan
87%
Włochy
87%
Francja
86%
Mongolia
86%
Rumunia
80%
Chorwacja
79%
Kanada
79%
Serbia
78%
Bośnia i Hercegowina
72%
Uzbekistan
70%
Nie znaleziono quizów pasujących do podanych kryteriów
Rozkład punktacji
Procent ludzi z każdym wynikiem
Percentyl według liczby udzielonych odpowiedzi
Twoja historia wyników
Nie rozwiązałeś tego quizu